000 00606nam a2200205Ia 4500
005 20250923145427.0
008 008 250917s9999 xx 000 0 eng d
037 _aTextual
040 _aDSWL
_beng
_cDSWL
041 _aeng
_2eng
084 _aY:1:7.1(Y:434)'N76, N76
_qDSWL
100 _aDreyer, O.
_9835197
245 0 _aCultural changes in developing countries
_c by O. Dreyer
260 _aMoscow
_bProgress Publishers
_c1976
300 _a295 p.
365 _aINR
_b4. 50
925 _g4. 50
942 _cTEXL
_hY:1:7.1(Y:434)'N76, N76
999 _c1451227
_d1451227